| 000 | 00822nam a22001817a 4500 | ||
|---|---|---|---|
| 999 |
_c62813 _d62813 |
||
| 003 | Ge_BSU | ||
| 005 | 20250228120931.0 | ||
| 008 | 250228s1961 ge ||||| |||| 00| 0 geo d | ||
| 041 | _ageo | ||
| 080 | _a616.9-091 ჟ-93 | ||
| 100 |
_aჟღენტი, ვ. _922509 |
||
| 245 |
_aინფექციურ სნეულებათა პათოლოგიური ანატომია : _b[სახელმძღვ. სამედ. ინ-ტის სტუდენტთა და ექიმთათვის] / _cვ. ჟღენტი. |
||
| 264 |
_aთბილისი : _bცოდნა, _c1961. |
||
| 300 |
_a451 გვ. ; _b22 სმ. |
||
| 653 | _aინფექციური დაავადებები | ||
| 653 | _aმედიცინა | ||
| 942 |
_2udc _cᲬᲘᲒᲜᲘ |
||